Devatāmūrti svarūpa lakṣaṇa, sacitra /

Treatise on Jaina iconography and art; includes explanation in Gujarati.

Saved in:
Bibliographic Details
Other Authors: Somapurā, Nandalāla Cunilāla.
Format: Book
Language:Gujarati
Published: Pālitāṇā : Amadāvāda : Dakshakumāra Nandalāla Somapurā ; grantha prāptisthāna, Sarasvatī Pustaka Bhaṇḍāra, 1991.
Subjects:
Tags: Add Tag
No Tags, Be the first to tag this record!
LEADER 01091nam a2200301 a 4500
001 004728126-X
005 20100902151902.0
008 940331s1991 ii 000 0 gujo
010 |a  93911631  
035 0 |a ocm32393555 
035 0 |a ocm32393555  |z ocm32308167 
040 |a DLC  |c DLC  |d HLS 
041 0 |a gujsan 
042 |a lcode 
043 |a a-ii--- 
050 0 0 |a NB1912.J34  |b D48 1991 
130 0 |a Devatāmūrti svarūpa lakṣaṇa.  |l Gujarati & Sanskrit. 
245 1 0 |a Devatāmūrti svarūpa lakṣaṇa, sacitra /  |c sampādaka Nandalāla Cunīlāla Somapurā. 
260 |a Pālitāṇā :  |b Dakshakumāra Nandalāla Somapurā ;  |a Amadāvāda :  |b grantha prāptisthāna, Sarasvatī Pustaka Bhaṇḍāra,  |c 1991. 
300 |a 38, 280 p., [20] p. of plates :  |b ill. (some col.) ;  |c 25 cm. 
500 |a Gujarati and Sanskrit. 
520 |a Treatise on Jaina iconography and art; includes explanation in Gujarati. 
650 0 |a Jaina art. 
650 0 |a Jaina sculpture. 
650 0 |a Jaina gods in art. 
700 1 |a Somapurā, Nandalāla Cunilāla. 
988 |a 20020608 
906 |0 DLC